Quizzes
Events
Quiz Creation
Community
Videos
Private Events
Remove Ads
Sign In
Join for FREE
Feedback
Dark Mode
Quiz Categories
Sports
Geography
Music
Movies
Television
Just For Fun
Miscellaneous
History
Literature
Language
Science
Gaming
Entertainment
Religion
Holiday
For Kids
Quiz Lab
Recent
Popular Today
Quiz Kudos Today
Editor Picks
Curator Picks
Quizzes by...
Day
Popularity
Type
Ratings
Length
Year
Community
Subscriptions
Recent Discussions
Orange Saloon
Badges
Playlists
Quests
Create
Leaderboards
Showdown
Live 5
Trivia Bingo
Activity
Puzzle Library
Sporcle Events
Private Events
Virtual Trivia
Globe League
Become a Host
Pub Owners
SporcleCon
Opinionation
Our Games
Videos
Blog
Mobile Apps
Partnerships
Remove Ads and Go Orange
Feedback
Language
Vocabulary
Begins and Ends
Definition
Spanish
French
German
Italian
Chinese
Latin
Translation
Japanese
Language
Vocabulary
Begins and Ends
Definition
Spanish
French
German
Italian
Chinese
Latin
Translation
Japanese
Random Quiz
Search Sporcle
×
Quiz Lab
Quiz Lab
Language
Spanish
Click on answers out of a set of options
Click on answers out of a set of options
Multiple Choice
Best Score? Go Orange.
Spanish Vocab on Amor y Amistad Stats
Can you choose the Spanish Vocab on Amor y Amistad?
By
gillianbenacka
10m
10 Questions
21 Plays
21 Plays
21 Plays
Comments
Comments
Give Quiz Kudos
Give Quiz Kudos
-
- Ratings
hide this ad
Random Order
Randomize order of answers
Randomize order of answers
Replay
Link that replays current quiz
Next Quiz
Link to next quiz in quiz playlist
You Got
0%
They Got
Avg Score
78%
Avg Friend Score
Upgrade to see
Score Distribution
Jump to the score distribution portion of the page
Score
0/10
Timer
10:00
0
Plays Today
Question
Answer
Wrong Answers
What does the word ''amable'' mean in English?
friendly
95.2%
bestfriend
0%
honest
0%
friend
4.8%
What does ''juntos'' mean in English?
together
95.2%
seperate
0%
alone
0%
married
4.8%
How do you say the word ''jealousy'' in Spanish?
celso
90.5%
seguro
0%
tero
4.8%
fuerte
4.8%
What is ''comico'' in English?
funny
85.7%
single
0%
fun
9.5%
boring
0%
What is ''lazy'' in Spanish?
perezoso
81%
lazo
0%
soltero
0%
debil
14.3%
How do you say ''weak'' in Spanish?
debil
81%
fuerte
4.8%
terco
0%
lindo
14.3%
What is ''seguro'' in English?
confident
71.4%
single
4.8%
super
23.8%
talented
0%
How do you say ''polite'' in Spanish?
cortes
66.7%
leal
23.8%
perezoso
0%
debil
9.5%
What is ''genial'' in English?
great
61.9%
good
23.8%
grand
14.3%
favorite
0%
What does ''terco'' mean?
stubborn
52.4%
jealous
4.8%
nice
0%
rude
38.1%
Quiz Playlist
Details
Report
Send in Message
Add To Playlist
Multiple Choice:
Click on answers out of a set of options
Random Order:
Randomize order of answers
Last Updated: Mar 15, 2017
Quiz Scoreboard
CHALLENGE
Sign Up to Join the Scoreboard
Show All
Scores
Hide
Comments
May contain spoilers
Recently Published
An Introduction to Baseball
by treessimontrees
Sports
5m
Movies - When Are They Set?
by FPL_Elf
Movies
5m
Popular People in 1961
by mucciniale
History
6m
More to Explore
Quiz From the Vault
Featured Blog Post
Where Did the Easter Bunny Come From?
hide this ad
You Might Also Like...
Tags
Spanish Quiz
Today's Top Quizzes in Language
Browse Language
hide this ad
Today's Top Quizzes in Spanish
Browse Spanish
Top Contributed Quizzes in Language
1
1-10 Letter F Words III
2
Order Up: Top 10 Most Native Spoken Languages
3
1-10 Letter G Words III
4
1-10 Letter H Words III
5
One Thing in Common: Italy
6
Weisst du, aus welchen Sprachen diese Wörter stammen?
7
1-10 Letter I Words III
8
1-10 Letter J Words III
9
Celtic Nations in their Language
10
Begins and Ends With AN
Explore More
Trending Topics
NBA
Crossword
Anime
Harry Potter
Kpop
Marvel
Disney
The Office
Soccer
Country
Pokémon
WWE
Puzzle
Song
NFL
hide this ad
More By:
gillianbenacka
Quiz
Plays
Rating
Category
Featured
Created
''The Fosters''
2,213
3.00
Entertainment
Mar 15, 2017
Spanish Vocab on Amor y Amistad
21
Language
Mar 15, 2017
Go to Creator's Profile
Score Distribution
Quiz Creator Spotlight
gillianbenacka
Follow
Send a Message
Quizzes Created
-
Created Quiz Play Count
-
More By This Creator
Popular Quizzes Today
1
Find the Countries of Europe - No Outlines Minefield
2
Find the US States - No Outlines Minefield
3
The Countries of the World
4
Popular People in 1961
5
Find the US States
6
US States
7
1-10 Letter E Words III
8
Risky Map Clicking: Biggest States A-Z
More Language Quizzes
Spanish Menagerie
Published
Trending Quizzes
Risky Map Clicking: Least Populous States A-Z
1-10 Letter F Words
1-10 Letter G Words
One Thing in Common: United Kingdom
Risky Map Clicking: Next State Alphabetically
Recently Updated
Leaping Animals
pecheneg
Reality TV Shows (A-Z)
bhenderson79
Rickey Henderson's Hall of Fame Teammates
pecheneg
Champions League XIs: Arsenal
pecheneg
Quick Pick: Celebrities in WWE's Hall of Fame
aduchscher
A-Z Keypad Blitz II
pecheneg
Multiple Oscar Actors
pecheneg
Mystery Phrase Blitz: Oscar 'Best Actors'
pecheneg
F. Scott Fitzgerald Novels
LTH
Pick 3 Villains
ddd62291
Trending Topics
Marvel
NBA
Crossword
Harry Potter
Kpop
Anime
Disney
WWE
Soccer
The Office
Country
NFL
Song
Pokémon
Puzzle
Your Account Isn't Verified!
In order to create a playlist on Sporcle, you need to verify the email address you used during registration. Go to your
Sporcle Settings
to finish the process.
Report this User
Report this user for behavior that violates our
Community Guidelines
.
Details:
Send Report
Go to the Sporcle.com Mobile Site →
Comments